000 00754nam a2200217Ia 4500
003 GCL
008 140319s9999 xx 000 0 ara d
020 _a*867269960
040 _aGCL /
_cGCL
082 0 4 _a305.8
_bب ع
100 1 _aبارفيلد , توماس ج.
245 1 0 _aعرب وسط آسيا فى افغانستان :
_bالتحول فى نظام الرعى البدوى /
_cبارفيلد , توماس ج.
260 _aالرياض :
_bمركز الملك فيصل
300 _a307 ص ؛
_c25 سم
650 0 4 _aتنظيم المجتمع
650 0 4 _aالسلالات البشرية
650 0 4 _aالانثربولوجيا
650 0 4 _aالجغرافيا البشرية
650 0 4 _aالاجناس - علم
942 _2ddc
_cBK
999 _c7309
_d7309